Guia Ecokids: animias brasileiros ameaçados de extinção (Record no. 188971)

MARC details
000 -LÍDER
campo de controle de tamanho fixo 00420 a2200157 4500
001 - NÚMERO DE CONTROLE
campo de controle 188971
020 ## - ISBN - INTERNATIONAL STANDARD BOOK NUMBER
ISBN - International Standard Book Number 85-7340-343-8
040 ## - FONTE DA CATALOGAÇÃO
Instituição que transcreveu o registro Magnum
100 ## - ENTRADA PRINCIPAL--NOME PESSOAL
Nome pessoal Mitsunaga, Marli
240 10 - TÍTULO UNIFORME
Título uniforme Guia Ecokids: animias brasileiros ameaçados de extinção
Idioma da obra por
245 10 - TÍTULO
Título Guia Ecokids: animias brasileiros ameaçados de extinção
300 ## - DESCRIÇÃO FÍSICA
Extensão 128
362 0# - DATAS DE PUBLICAÇÃO E/OU DESIGNAÇÃO SEQUENCIAL
Datas de publicação e/ou designação sequencial 2004
697 ## - ENTRADA DE ASSUNTO LOCAL--ENTIDADE COLETIVA (RLIN)
Nome corporativo ou nome da jurisdição LITERATURA INFANTO-JUVENIL
942 ## - ELEMENTOS DE ENTRADA ADICIONADOS (KOHA)
Tipo de material Koha Livros
Holdings
Situação do descarte Situação das perdas Situação física Não pode ser emprestado Biblioteca de origem Biblioteca atual Data de aquisição Total de empréstimos Número de chamada completo Código de barras Data de último acesso Data do preço efetivo Tipo de material Koha
        Magnum Magnum 08/06/2024   869.2.820 MAG00063466 08/06/2024 08/06/2024 Livros
        Magnum Magnum 08/06/2024   869.2.820 MAG00063467 08/06/2024 08/06/2024 Livros
        Magnum Magnum 08/06/2024   869.2.820 MAG00063468 08/06/2024 08/06/2024 Livros
        Magnum Magnum 08/06/2024   869.2.820 MAG00063469 08/06/2024 08/06/2024 Livros
        Magnum Magnum 08/06/2024   869.2.820 MAG00063470 08/06/2024 08/06/2024 Livros
        Magnum Magnum 08/06/2024   869.2.820 MAG00063471 08/06/2024 08/06/2024 Livros